| 000 | 02365 a2200253 4500 | ||
|---|---|---|---|
| 003 | BJBSDDR | ||
| 005 | 20260409150407.0 | ||
| 007 | ta | ||
| 008 | 250826s2025 sp 00| 0 spa d | ||
| 020 | _a9791370060794 | ||
| 040 |
_bspa _cBJBSDDR |
||
| 041 | _aspa | ||
| 050 | 1 | 4 |
_aK 487 _bC574 2025 |
| 245 | 0 | 0 |
_aCine, literatura y derecho / _cDavid Sánchez Rubio, Jesús Ignacio Delgado Rojas (editores). |
| 260 |
_aMadrid : _bDykinson, _c2025. |
||
| 300 |
_a297 páginas ; _c24 cm. |
||
| 520 | _aQuinto libro colectivo publicado en los últimos cinco años en el Departamento de Filosofía del Derecho de la Facultad de Derecho de la Universidad de Sevilla. La temática principal de esta obra se sitúa en la relación que el mundo jurídico posee con la literatura y con el séptimo arte, pero visto desde una mirada iusfilosófica. La literatura y el cine nos ofrecen un mundo fascinante porque nos permite pensar el Derecho en unas ocasiones para hacer reflexiones teóricas sobre su estructura y sus contenidos; en otras, para pensar acerca del ejercicio que de él hacen los que detentan el poder o los que defienden derechos y reclaman justicia. Muchas novelas, relatos y películas muestran aquella parte de la realidad jurídica relacionada con sus prácticas, reforzando el poder opresor, político y/o económico. El cine y la literatura pueden representar la reparación de injusticias, insurgencias y luchas de liberación; en otras situaciones, para ser mejor entendidas, invitan a resaltar aspectos de la historia del Derecho. El cine, como también la literatura, no han sido ajenos a la construcción histórica de los distintos elementos y dimensiones que conforman el fenómeno jurídico, ni al avance en el reconocimiento de los derechos ni, tampoco, han desatendido esos progresos y de qué manera influyen en nuestro presente. Esta obra nos ofrece distintos trabajos en donde la experiencia estética y humanista en la literatura, en el cine o en el arte proyectada sobre el campo jurídico, nos muestran otros puntos de vista, otras maneras originales y creativas de mirar y pensar el Derecho | ||
| 650 | 4 |
_aDerecho en la literatura _925086 |
|
| 650 | 4 |
_aDerecho en el cine _915276 |
|
| 700 | 1 |
_aSánchez Rubio, David _947866 _eeditor |
|
| 700 | 1 |
_aDelgado Rojas, Jesús Ignacio _947867 _eeditor |
|
| 942 |
_2lcc _cBK |
||
| 946 | _irmza | ||
| 999 |
_c124930 _d124930 |
||